| 000 | 00845nam a2200241Ia 4500 | ||
|---|---|---|---|
| 003 | OSt | ||
| 005 | 20220923225005.0 | ||
| 006 | a|||||r|||| 00| 0 | ||
| 007 | ta | ||
| 008 | 220922b |||||||| |||| 00| 0 hin d | ||
| 024 | _a254,809 | ||
| 037 | _cTextual | ||
| 040 |
_aARTS _cARTS _bhin |
||
| 041 |
_2hin _ahin |
||
| 082 | _aP15, 152K8(EPS) | ||
| 100 | _aशास्त्री, धर्मेन्द्रनाथ | ||
| 245 | 0 | _aसंस्कृत शिक्षण की नवीन योजना | |
| 246 | _aSanskṛut shikṣhaṇ kī navīn yojanā | ||
| 260 |
_aमेरठ _b साहित्य भण्डार _c1968 |
||
| 300 |
_a436पृ. _ccm. |
||
| 942 |
_hP15, 152K8(EPS) _cTEXL _2CC |
||
| 999 |
_c375278 _d375278 |
||